000
00245nam a2200109Ia 4500
008
220204s9999 xx 000 0 und d
082
_a
82-3
_b
SMI
100
_a
Smith, Wilbur
245
0
_a
Cry wolf
260
_a
New York
_b
Dell
_c
1978
942
_c
BK
999
_c
33512
_d
33512